000 01412aam a2200325 i 4500
999 _c45180
_d45180
001 768714001
003 CO-MdFUSB
005 20200528210247.0
007 ta
008 200528t2004 -usa|||| |||| 00| 0 eng d
020 _a[No incluye ISBN]
040 _bspa.
_aCO-MdFUSB
_cCO-MdFUSB
_dCO-MdFUSBC
_erda
041 _aeng
082 0 4 _223
_a289.322
_bB724
245 1 4 _aThe book of Mormon :
_banother testament of Jesus Christ
_c/ traducido por Joseph Smith
264 1 _aNew York :
_bDoubleday,
_c[2004]
264 4 _c© 2004
300 _a779 páginas
_c; 22 cm
336 _atexto
_btxt
_2rdacontent
337 _2rdamedia
_asin mediación
_bn
338 _2rdacarrier
_avolumen
_bnc
505 _aPrimer libro de Nefi - Segundo libro de Nefi -Libro de JacobLibro de Enos -Libro de Jarom -Libro de Omni -Palabras de Mormón. Libro de Mosíah. -- Libro de Alma. -- Libro de Helamán - Tercer Nefi -Cuarto Nefi. --Libro de Mormón - Libro del éter - Libro de Moroni.
505 0 0 _aFirst book of Nephi --Second book of Nephi --Book of Jacob --Book of Enos --Book of Jarom --Book of Omni --Words of Mormon -- Book of Mosiah --Book of Alma --Book of Helaman --Third Nephi --Fourth Nephi --Book of Mormon --Book of Ether --Book of Moroni.
563 _aRùstico
653 _aMormones
700 _93991
_aSmith, joseph,
_etraductor
942 _cBK
945 _aJTF-925